Language Quiz

Random Language or Letter Quiz

5x5 Word Scramble Quiz Stats

 Plays Quiz Updated Sep 4, 2012

Challenge
Share
Tweet
Embed
Score 0/20 Timer 05:00
1 Play Today
% Correct
pools
96.8%
loops
93.6%
snare
93.5%
steak
92.3%
shear
87.4%
timer
85.5%
hears
83.5%
share
79.8%
spool
78.9%
polos
76.3%
% Correct
skate
73.2%
remit
72.7%
takes
71.9%
miter
68%
stake
67.9%
nears
67.6%
hares
67.2%
merit
46.8%
earns
46.8%
saner
38.5%

You're not logged in!

Compare scores with friends on all Sporcle quizzes.
OR
Log In

You Might Also Like...

Show Comments

Extras

Top Quizzes Today


Score Distribution

Your Account Isn't Verified!

In order to create a playlist on Sporcle, you need to verify the email address you used during registration. Go to your Sporcle Settings to finish the process.

Report this User

Report this user for behavior that violates our Community Guidelines.

Details: